=LDR 00000nam 2200000 4500 =001 INLIS000000000058254 =005 20210908085801 =035 ##$$a 0010-0921000058 =007 ta =008 210908###########################0#ind## =020 ##$$a 979-421-007-2 =082 ##$$a 297.62 =084 ##$$a 297.62 Muh m =245 1#$$a Muhammadiyah dalam Kritik dan Komentar /$c Drs. M. Ruslikarim =250 ##$$a Cet.1 =300 ##$$a xxiv,472 halaman ; $c 22 cm =650 #4$$a Muhammadiyah =264 ##$$a jakarta :$b Rajawali Press,$c 1986 =336 ##$$a teks$2 rdacontent =337 ##$$a lain-lain$2 rdamedia =338 ##$$a lain-lain$2 rdacarrier =990 ##$$a 08420842